01839 2200445 4500001002100000005001500021035002000036008004100056020001500097041000800112082001200120100001700132245020300149260003400352300003300386520039800419650003800817650004000855084001800895990002400913990002400937990002400961990002400985990002401009990002401033990002401057990002401081990002401105990002401129990002401153990002401177990002401201990002401225990002401249990002401273990002401297990002401321990002401345990002401369INLIS00000000000027920221103111358 a0010-0520000279221103 | | ind  a9795381245 aind a346.0440 aParlindungan1 aKomentar Undang-Undang Tentang Hak Tanggungan :bAtas Tanah Beserta Benda-Benda Yang Berkaitan Dengan Tanah (U.U. No.4 Tahun 1996/9 April 1996/L.N. No.42) & Sejarah Terbentuknya /cA.P. Parlindungan aBandung :bMandar Maju,c1996 axii, 364 p. ; 21 cm ;c21 cm aUU Hak Tanggungan diterbitkan untuk pelaksanaan hak jaminan, membicarakan mengenai pembatasan dari Hak Tanggungan dan yang berkaitan; Obyek hak tanggungan dan pemberi dan pemegang hak tanggungan; tata cara pemberian, pendaftaran, peralihan dan hapusnya hak tanggungan; ketentuan peralihan dan penutup. Termasuk pandangan/penjelasan dari pemerintah dan komentar penulis atas RUU hak tanggungan. 4aLand reform - Law and legislation 4aReal property - Law and legislation a346.044 PAR k a16835/MKRI-P/X-2010 a16836/MKRI-P/X-2010 a16837/MKRI-P/X-2010 a16838/MKRI-P/X-2010 a16838/MKRI-P/X-2010 a16835/MKRI-P/X-2010 a16836/MKRI-P/X-2010 a16837/MKRI-P/X-2010 a16837/MKRI-P/X-2010 a16835/MKRI-P/X-2010 a16836/MKRI-P/X-2010 a16838/MKRI-P/X-2010 a16836/MKRI-P/X-2010 a16835/MKRI-P/X-2010 a16837/MKRI-P/X-2010 a16838/MKRI-P/X-2010 a16835/MKRI-P/X-2010 a16836/MKRI-P/X-2010 a16837/MKRI-P/X-2010 a16838/MKRI-P/X-2010